Normal view
MARC view
- تأليف: توفيق، اشرف مصطفى
Entry Personal Name
001 - CONTROL NUMBER
- control field: 32390
003 - CONTROL NUMBER IDENTIFIER
- control field: JO-AjAnu
005 - DATE AND TIME OF LATEST TRANSACTION
- control field: 20230606075438.0
008 - FIXED-LENGTH DATA ELEMENTS
- fixed length control field: 230606|| aca||aabn | a|a d
040 ## - CATALOGING SOURCE
- Original cataloging agency: JO-AjAnu
- Transcribing agency: JO-AjAnu
100 ## - HEADING--PERSONAL NAME
- Personal name: تأليف: توفيق، اشرف مصطفى
670 ## - SOURCE DATA FOUND
- Source citation: Work cat.: (JO-AjAnu)16638: تأليف: توفيق، اشرف مصطفى, author, كيف تتعلم استثمار الاموال: البورصة، صناديق الاستثمار، اسواق راس المال، الخطوات العملية والثغرات القانونية